Primer tratado de partición de la monarquía española hecho en 1668 / (Record no. 46283)
[ view plain ]
| 000 -CABECERA | |
|---|---|
| campo de control de longitud fija | 00594nam a2200181 a 4500 |
| 005 - FECHA Y HORA DE LA ÚLTIMA TRANSACCIÓN | |
| campo de control | 20210223123032.0 |
| 008 - ELEMENTOS DE LONGITUD FIJA--INFORMACIÓN GENERAL | |
| campo de control de longitud fija | 991125s1943 mx 000 0 spa u |
| 035 ## - NÚMERO DE CONTROL DEL SISTEMA | |
| Número de control de sistema | UPN01000046283 |
| 049 ## - COLECCIÓN | |
| Colección | CG |
| 050 #4 - SIGNATURA TOPOGRÁFICA DE LA BIBLIOTECA DEL CONGRESO | |
| Número de clasificación | DP65 |
| Número de documento/Ítem | L4.68 |
| 100 1# - ASIENTO PRINCIPAL--NOMBRE PERSONAL | |
| Nombre de persona | Legrelle, A. |
| 245 10 - MENCIÓN DE TÍTULO | |
| Título | Primer tratado de partición de la monarquía española hecho en 1668 / |
| Mención de responsabilidad, etc. | A. Legrelle ; tr. Benito Menacho Ulibarri. |
| 260 ## - PUBLICACIÓN, DISTRIBUCIÓN, ETC. | |
| Lugar de publicación, distribución, etc. | México : |
| Nombre del editor, distribuidor, etc. | [s.n.], |
| Fecha de publicación, distribución, etc. | 1943. |
| 300 ## - DESCRIPCIÓN FÍSICA | |
| Extensión | 84 p. |
| 630 04 - ASIENTO SECUNDARIO DE MATERIA - TÍTULO UNIFORME | |
| Título uniforme | PARTICION, TRATADO DE, ENERO 19, 1668 (ESPAÑA) |
| 651 #4 - ASIENTO SECUNDARIO DE MATERIA - NOMBRE GEOGRAFICO | |
| Nombre geográfico | ESPAÑA - |
| Subdivisión general | RELACIONES EXTERIORES - |
| Subdivisión de forma | TRATADOS |
| 9 (RLIN) | 22763 |
| 905 ## - TIPO DE MATERIAL | |
| Tipo de material | Libro |
| Estado de retiro | Estado de pérdida | Fuente del sistema de clasificación o colocación | Estado dañado | No para préstamo | Código de colección | Localización permanente | Ubicación/localización actual | Ubicación en estantería | Total de préstamos | Clasificación | Código de barras | Fecha visto por última vez | Número de copia | Tipo de ítem Koha |
|---|---|---|---|---|---|---|---|---|---|---|---|---|---|---|
| Library of Congress Classification | Colección General | Bib. Gregorio Torres Quintero | Bib. Gregorio Torres Quintero | Planta baja | 2 | DP65 L4.68 | 40193 | 31/12/2020 | 1 | Libro |
